000 01523nam a22003857a 4500
003 CHAP
005 20220329143330.0
008 080902s2007 mx a r 00010 spa d
010 _a95091
011 _a96063
035 _a106704
040 _cCHAP
090 _aTesis
100 1 _aVillanueva Sánchez, Evert.
_9119519
245 1 0 _aBiología y respuesta funcional y numérica del depredador Chilocorus spp. (Coleoptera : coccinellidae) asociado al cultivo de nopal verdura en Milpa Alta, México D.F.
_c/por Evert Villanueva Sánchez
260 _aChapingo, Méx. :
_bEl autor,
_c2007
300 _avii, 106 h. :
_bilus. ; gráfs. ; cuadros
502 _aTesis (M.C. en Protección Vegetal) -- UACH. Departamento de Parasitología Agrícola
590 _aALEPH
_b10
_c20130110
_lUCH01
_h1523
590 _aBATCH-UPD
_b10
_c20130110
_lUCH01
_h0725
590 _aBATCH-UPD
_b10
_c20130111
_lUCH01
_h0001
590 _aBATCH-UPD
_b10
_c20130410
_lUCH01
_h0409
590 _aBATCH-UPD
_b10
_c20130914
_lUCH01
_h0925
590 _aCONVERSION
_b10
_c20130109
_lUCH01
_h1353
650 1 4 _aChilocorus.
_922536
650 1 4 _aCochinilla del nopal.
_924209
650 1 4 _aInsectos
_xIdentificación.
_958929
650 1 4 _aNopal
_xEnfermedades.
_981667
650 1 4 _aNopal
_xPlagas.
_981689
650 1 4 _aNopal
_zMéxico (Edo.).
_981709
901 _aBK
942 _cFOLL
949 _atesis
_bBC
_cTES
_d33724002068009
_eTS2
_fc.2
_gDonaciØn
_h47971
_i106704
_sb
949 _atesis
_bBC
_cTES
_d33724002068777
_eTS1
_gDonaciØn
_h47970
_i106704
_sb
999 _c95091
_d95091